00293nam a2200121Ia 4500008004100000040001600041041001200057082001800069100001900087245001800106260003700124300001000161230917s9999||||xx |||||||||||||| ||und|| e86153aMAIN aEnglish a759.9544 A15M aAgarawala, R A 0aMarwar murals aDelhibAgam Kala Prakashanc1977 av. p.